000
00249 a2200097 4500
001
30856
100
_a
Abu Al-Hassan Nadvi
245
_a
Deryai Kabul Say Deryai Yermook Tak
260
_a
Karachi
_b
Majlas-e-Nashriat-e-Islam
_c
090
_c
20753
_d
20753
942
_a
NUST-CAE
_c
M
_c
11951
999
_c
265929
_d
265929